[Event "Zagreb"]
[Site "Zagreb"]
[Date "1985.??.??"]
[Round "?"]
[White "Marjanovic, Slavoljub"]
[Black "Kovacevic, Vlatko"]
[Result "0-1"]
[WhiteElo "2505"]
[BlackElo "2530"]

1.e4 e6 2.d4 d5 3.Nd2 a6 4.Ngf3 c5 5.exd5 exd5 6.dxc5 Bxc5 7.Nb3 Ba7 8.Bd2 Nc6
9.Bc3 Nf6 10.Bd4 Nxd4 11.Nfxd4 O-O 12.Be2 Qd6 13.O-O Bd7 14.Qd3 Rae8 15.Bf3 Re5
16.a4 h5 17.Rfd1 Rfe8 18.Nd2 Ne4 19.c3 Qf6 20.Qf1 Bxa4 21.b3 Nxc3  0-1

[Event "OHRA-B"]
[Site "Amsterdam"]
[Date "1986.??.??"]
[Round "8"]
[White "Zapata, Alonso"]
[Black "Dolmatov, Sergey"]
[Result "1-0"]
[WhiteElo "2495"]
[BlackElo "2510"]

1.e4 e6 2.d4 d5 3.Nd2 a6 4.Ngf3 c5 5.exd5 exd5 6.dxc5 Bxc5 7.Nb3 Be7 8.Bd3 Bg4
9.O-O Nf6 10.Re1 O-O 11.c3 Nc6 12.Bg5 Re8 13.h3 Bh5 14.Bxf6 Bxf6 15.Rxe8+ Qxe8
16.g4 Bg6 17.Bxg6 hxg6 18.g5 Be5 19.Qxd5 Rd8 20.Qc4 Qd7 21.Kg2 Bb8 22.Re1 Ne7
23.Nc5 Qc7 24.Qe4 Nf5 25.Nxb7 Rd7 26.Qb4 Kh7 27.Nc5 a5 28.Qc4 Ba7 29.Re5 Rd1
30.b4 axb4 31.cxb4 Bb8 32.Qg4 Qd8 33.Rxf5 gxf5 34.Qxf5+ Kg8 35.g6 fxg6 36.Qxg6 Rd6
37.Qe4 Rh6 38.Ne6 Qd6 39.Neg5 Qc6 40.Qf5 Qb7 41.Qd3 Bd6 42.a4 Bxb4 43.Qc4+ Kf8
44.Ne6+ Ke7 45.Qg4 Rf6 46.Qxg7+  1-0

[Event "Bayern-ch"]
[Site "Bayern"]
[Date "1986.??.??"]
[Round "?"]
[White "Ploetz, Werner"]
[Black "Seyb, Dieter"]
[Result "1/2-1/2"]
[WhiteElo "2280"]
[BlackElo "2300"]

1.e4 e6 2.d4 d5 3.Nd2 Nc6 4.Ngf3 Nf6 5.e5 Nd7 6.Be2 Be7 7.Nf1 O-O 8.Ne3 f6
9.exf6 Nxf6 10.O-O Bd6 11.c4 b6 12.a3 Bb7 13.b4 e5 14.cxd5 Nxd4 15.Nxd4 exd4
16.Qxd4 Re8 17.Ra2 Re4 18.Qd3 Qd7 19.g3 Qh3 20.f4 Rae8 21.Bf3 R4e7 22.Qf5 Qxf5
23.Nxf5 Rd7 24.Rd2 Bf8 25.Rfd1 g6 26.Bb2 Ne4 27.Bxe4 Rxe4 28.Nh4 Re3 29.f5 g5
30.Kf2 Rb3 31.Nf3 h6 32.Nd4 Rxb2 33.Rxb2 Rxd5 34.Ke1 g4 35.Rf2 c5 36.Ne6 Re5+
37.Kd2 Bf3 38.Re1 Rd5+ 39.Kc2 Rxf5 40.Rd2 Be7 41.bxc5 Bf6 42.Rd7 Bc6 43.Rxa7 Rf2+
44.Kc1 Bb2+ 45.Kb1 Bc3 46.Re3 Bd2 47.Re5 Bc3 48.Re3 Bd2  1/2-1/2

[Event "Biel"]
[Site "Biel"]
[Date "1986.??.??"]
[Round "?"]
[White "Rogers, Ian"]
[Black "Hug, Werner"]
[Result "1-0"]
[WhiteElo "2515"]
[BlackElo "2455"]

1.e4 e6 2.d4 d5 3.Nd2 Nc6 4.Ngf3 Nf6 5.e5 Nd7 6.Nb3 Be7 7.Bb5 a5 8.a4 Na7
9.Bd3 b6 10.O-O O-O 11.c3 c5 12.Bc2 Re8 13.Re1 Nc6 14.h4 Nf8 15.h5 c4 16.Nbd2 f5
17.exf6 gxf6 18.Nf1 Ra7 19.Bh6 Bd6 20.Ne3 Kh8 21.g3 Qd7 22.Nh4 Qf7 23.Qf3 Ne7
24.Ng4 Ng8 25.Bxf8 Bxf8 26.Ng6+ hxg6 27.hxg6 Qe7 28.Qh1+ Nh6 29.Nxh6 Bxh6
30.Qxh6+ Kg8 31.Kg2 Qg7 32.Rh1 e5 33.Qe3 Rae7 34.Rh7 Qf8 35.g7 Rxg7 36.Qh6  1-0

[Event "Biel"]
[Site "Biel"]
[Date "1986.??.??"]
[Round "?"]
[White "Klinger, Josef"]
[Black "Rogers, Ian"]
[Result "1/2-1/2"]
[WhiteElo "2430"]
[BlackElo "2515"]

1.e4 e6 2.d4 d5 3.Nd2 Nc6 4.c3 Nf6 5.e5 Nd7 6.Bd3 f5 7.Ne2 Nb6 8.Nf4 g6 9.h4 Qe7
10.Qf3 Qf7 11.Qg3 Rg8 12.Nf3 h6 13.Be3 Bd7 14.O-O-O O-O-O 15.Nh3 Na5 16.b3 a6
17.Ne1 Kb8 18.Kb1 Rc8 19.Bf4 Qe7 20.Qe3 Qxh4 21.Nf3 Qe7 22.Bxh6 Bxh6 23.Qxh6 g5
24.Nhxg5 Qa3 25.Nd2 Na4 26.bxa4 Qxc3 27.Ndf3 Qb4+ 28.Ka1 Qc3+ 29.Kb1 Bxa4
30.Rd2 Rh8 31.Qxh8 Rxh8 32.Rxh8+ Ka7 33.Rh1 Bb5 34.Bxb5 axb5 35.Rc1 Qa3 36.Nxe6 Nc4
37.Nxc7 Qa5 38.Rb2 Qxc7 39.Rxb5 f4 40.e6 Qc6 41.Rb4 Qxe6 42.Ne5 Nxe5 43.dxe5 Qxe5
44.Rd1 Qe2 45.Rbd4 Qxf2 46.R1d2 Qf1+  1/2-1/2

[Event "Bor"]
[Site "Bor"]
[Date "1986.??.??"]
[Round "4"]
[White "Ilincic, Zlatko"]
[Black "Eingorn, Vereslav S"]
[Result "0-1"]
[WhiteElo "2490"]
[BlackElo "2570"]

1.e4 e6 2.d4 d5 3.Nd2 a6 4.Ngf3 c5 5.exd5 exd5 6.Be2 c4 7.O-O Bd6 8.b3 cxb3
9.axb3 Nc6 10.Re1 Nge7 11.Nf1 Bg4 12.Ne3 Bh5 13.c3 O-O 14.b4 Rc8 15.Qb3 Na7
16.Bd2 Bf4 17.g3 Bxe3 18.Bxe3 Re8 19.Ne5 Bxe2 20.Rxe2 Ng6 21.Nd3 Nb5 22.Rc2 Rc4
23.Nb2 Rc6 24.Rac1 h5 25.c4 dxc4 26.Rxc4 Qd5 27.Qd1 Rxc4 28.Rxc4 h4 29.Rc5 Qe4
30.Qd3 Qxd3 31.Nxd3 Rd8 32.Rc4 hxg3 33.hxg3 Ne7 34.Ne1 Nd5 35.Nc2 f6 36.Kf1 Kf7
37.Bd2 Nd6 38.Rc5 Ne4 39.Ke2 Nxc5 40.bxc5 b6 41.cxb6 Rb8 42.Ne1 Nxb6 43.Nd3 Nc4
44.Bf4 Re8+ 45.Kd1 Rd8 46.Nc5 g5 47.Bc7 Rxd4+ 48.Kc2 Na3+ 49.Kb3 Nb5  0-1

[Event "Bor"]
[Site "Bor"]
[Date "1986.??.??"]
[Round "7"]
[White "Watson, William N"]
[Black "Rogers, Ian"]
[Result "1-0"]
[WhiteElo "2495"]
[BlackElo "2515"]

1.e4 e6 2.d4 d5 3.Nd2 Nc6 4.c3 Nf6 5.e5 Nd7 6.Bd3 f5 7.g4 Ndxe5 8.dxe5 Nxe5
9.Be2 fxg4 10.Nb3 Bd6 11.Bf4 O-O 12.Bxe5 Bxe5 13.Bxg4 Rf4 14.Nd2 Qh4 15.Bf3 Bd6
16.Qb3 a5 17.O-O-O a4 18.Qc2 a3 19.b3 Qf6 20.Qd3 b6 21.Re1 c6 22.Nh3 Rh4
23.Bg2 Ra5 24.Qf3 Bf4 25.b4 Ra4 26.Nxf4 Rxf4 27.Qd3 Kh8 28.Bh3 h6 29.Rhg1 Ba6
30.Qc2 Bc8 31.Rg6 Qf7 32.Bxe6 Bxe6 33.Rgxe6 Ra8 34.Re7 Qg8 35.Rg1 g5 36.Rge1 Raf8
37.f3 R4f6 38.Qd3 c5 39.Rc7 R8f7 40.Rce7 Rxe7 41.Rxe7 Re6 42.Rd7 d4 43.c4 Re5
44.Rd6 Re6 45.Rxe6 Qxe6 46.bxc5 Qe1+ 47.Kc2 bxc5 48.Qxa3 Qe5 49.Qa8+ Kg7
50.Qb7+ Kh8 51.Qc8+ Kg7 52.Qd7+ Kh8 53.h3 Qe3 54.Qc8+ Kg7 55.Qb7+ Kh8 56.Qb3  1-0

[Event "Bor"]
[Site "Bor"]
[Date "1986.??.??"]
[Round "9"]
[White "Watson, William N"]
[Black "Rivas Pastor, Manuel"]
[Result "1-0"]
[WhiteElo "2495"]
[BlackElo "2470"]

1.e4 e6 2.d4 d5 3.Nd2 Be7 4.Bd3 c5 5.dxc5 Nf6 6.Qe2 Nc6 7.Ngf3 Nd7 8.exd5 exd5
9.Nb3 O-O 10.Be3 Re8 11.O-O Bf6 12.c3 Nde5 13.Nxe5 Nxe5 14.a3 Bd7 15.Rad1 a5
16.Nd4 b6 17.c6 Bxc6 18.Nxc6 Nxc6 19.Bb5 Re6 20.Qf3 Ne7 21.c4 Bxb2 22.cxd5 Rf6
23.Qe4 Rd6 24.Rfe1 Ng6 25.g3 Qf6 26.h4 h5 27.Bg5 Qc3 28.Kg2 Rf8 29.Re2 Qc5
30.Rxb2  1-0

[Event "Budapest Spring op"]
[Site "Budapest"]
[Date "1986.??.??"]
[Round "?"]
[White "Doncevic, Dario"]
[Black "Blees, Albert"]
[Result "1-0"]
[WhiteElo "2345"]
[BlackElo "2420"]

1.e4 e6 2.d4 d5 3.Nd2 a6 4.Ngf3 c5 5.dxc5 Bxc5 6.exd5 exd5 7.Nb3 Ba7 8.Bd3 Qe7+
9.Qe2 Qxe2+ 10.Kxe2 Nf6 11.Be3 Bxe3 12.Kxe3 O-O 13.Rae1 Nc6 14.Kd2 Bg4 15.Nfd4 a5
16.Nxc6 bxc6 17.f3 Bd7 18.Nc5 Rfb8 19.b3 Kf8 20.Re2 Be8 21.Rhe1 Ra7 22.Kc3 g6
23.a3 Nh5 24.g3 Ng7 25.Kd4 Rc8 26.Re5 Rcc7 27.R1e2 Bd7 28.g4 Be6 29.h3 Ke7
30.c3 Kd6 31.a4 Bc8 32.c4 Ra8 33.cxd5 Rb8 34.Ne4+ Kd7 35.d6 Rb4+ 36.Bc4 Rcb7
37.Re7+ Kd8 38.Rxb7 Bxb7 39.Nc5 Bc8 40.Re7 Ne6+ 41.Nxe6+ Bxe6 42.Kc5  1-0

[Event "Canada zt"]
[Site "Canada"]
[Date "1986.??.??"]
[Round "?"]
[White "Hartman, Brian"]
[Black "Ross, David"]
[Result "1/2-1/2"]
[WhiteElo "2380"]
[BlackElo "2285"]

1.e4 e6 2.d4 d5 3.Nd2 a6 4.Ngf3 c5 5.Bd3 Nc6 6.exd5 exd5 7.dxc5 Bxc5 8.O-O Nge7
9.Nb3 Bd6 10.Bg5 O-O 11.Bh4 Qc7 12.c3 Kh8 13.Bg3 Bg4 14.Be2 Bxg3 15.hxg3 Rad8
16.Qd2 Ng8 17.Nbd4 Nb8 18.Qg5 Nf6 19.Nf5 Bxf5 20.Qxf5 Nc6 21.Rad1 Qb6 22.Rb1 d4
23.Nxd4 Nxd4 24.cxd4 Rxd4 25.Bf3 Rd2 26.a4 a5 27.g4 h6 28.g5 hxg5 29.Qxg5 Rfd8
30.b4 axb4 31.Qh4+ Kg8 32.Rxb4 R2d4 33.Rxb6 Rxh4 34.Ra1 Rdd4 35.a5 Ra4 36.Rxa4 Rxa4
37.Rb5 Ne8 38.Rc5 Nd6 39.Rd5 Nc4 40.Rd8+ Kh7 41.Be4+ Kh6 42.Rh8+ Kg5 43.Bd5 f5
44.f4+ Kg6 45.Bf3 Nxa5 46.Bh5+ Kf6 47.Rf8+ Ke6 48.g3 Nc4 49.Rf7 Nd6 50.Rxg7 Ra2
51.Bf3 b5 52.Rg6+ Ke7 53.Bd5 Rd2 54.Re6+ Kd7 55.Re5 b4 56.Kf1 Kc7 57.Be6 Kc6
58.Ke1  1/2-1/2

[Event "Canada zt"]
[Site "Canada"]
[Date "1986.??.??"]
[Round "?"]
[White "Yanofsky, Daniel Abraham"]
[Black "Baragar, Fletcher"]
[Result "1/2-1/2"]
[WhiteElo "2390"]
[BlackElo "2270"]

1.e4 e6 2.d4 d5 3.Nd2 a6 4.Ngf3 c5 5.exd5 exd5 6.dxc5 Bxc5 7.Nb3 Ba7 8.Bd3 Qe7+
9.Be2 Nf6 10.O-O O-O 11.h3 Nc6 12.c3 Bf5 13.Bf4 Rfe8 14.Re1 Ne4 15.Nbd4 Qf6
16.Be3 Bg6 17.Nxc6 Bxe3 18.Ne7+ Qxe7 19.fxe3 Ng5 20.Bf1 Rad8 21.Nd4 Qe5 22.Qg4 Be4
23.Qf4 Rd6 24.Qxe5 Rxe5  1/2-1/2

[Event "Cannes"]
[Site "Cannes"]
[Date "1986.??.??"]
[Round "6"]
[White "Popovic, Petar"]
[Black "Karlsson, Lars"]
[Result "1/2-1/2"]
[WhiteElo "2545"]
[BlackElo "2520"]

1.e4 e6 2.d4 d5 3.Nd2 a6 4.Ngf3 c5 5.exd5 exd5 6.dxc5 Bxc5 7.Nb3 Bb6 8.Bg5 Nf6
9.Qe2+ Be6 10.Nfd4 Qe7 11.Nxe6 fxe6 12.g3 Qb4+ 13.c3 Qe4 14.f3  1/2-1/2

[Event "Agria op"]
[Site "Eger"]
[Date "1986.??.??"]
[Round "?"]
[White "Meszaros, Andras"]
[Black "Boguszlavszky, Jevgenyij"]
[Result "1-0"]
[WhiteElo "2340"]
[BlackElo "2370"]

1.e4 e6 2.d4 d5 3.Nd2 Nc6 4.Ngf3 Nh6 5.c3 f5 6.exd5 exd5 7.Be2 Nf7 8.O-O Bd6
9.c4 Be6 10.Re1 O-O 11.Bf1 Qf6 12.Rxe6 Qxe6 13.cxd5 Qxd5 14.Bc4 Qa5 15.Ng5 Nd8
16.Qh5 h6 17.Ndf3 hxg5 18.Bd2 Qb6 19.Nxg5 Bxh2+ 20.Qxh2 Qh6 21.Qg3 Qh5 22.Re1 Kh8
23.Nh3 Qg4 24.Qxg4 fxg4 25.Nf4 Nc6 26.Ng6+ Kg8 27.Re4 Rfd8 28.Rf4 Rd7 29.Be6 Rad8
30.d5 Kh7 31.Bxd7 Kxg6 32.dxc6 bxc6 33.Rxg4+ Kf6 34.Bc3+  1-0

[Event "Elenite op"]
[Site "Elenite"]
[Date "1986.??.??"]
[Round "?"]
[White "Bunis, Vassilis"]
[Black "Toshkov, Tihomir"]
[Result "0-1"]
[WhiteElo "2280"]
[BlackElo "2430"]

1.e4 e6 2.d4 d5 3.Nd2 a6 4.Ngf3 c5 5.exd5 exd5 6.Be2 Nf6 7.O-O Be7 8.dxc5 Bxc5
9.Nb3 Be7 10.Be3 O-O 11.Ne5 Qc7 12.Bd4 Bd6 13.Nf3 Ne4 14.Be3 Be6 15.Nbd4 Bd7
16.Nb3 Re8 17.Qxd5 Nc6 18.c3 Rad8 19.Qh5 Nf6 20.Qh4 Re4 21.Bg5 Rxh4 22.Bxh4 Re8
23.Bd3 Bg4 24.h3 Bxf3 25.gxf3 Ne5 26.Bxf6 Nxf3+ 27.Kg2 gxf6 28.Kxf3 Qc6+
29.Kg4 Qg2+  0-1

[Event "Gausdal Int"]
[Site "Gausdal"]
[Date "1986.??.??"]
[Round "?"]
[White "Huenerkopf, Heinz"]
[Black "Schmittdiel, Eckhard"]
[Result "1-0"]
[WhiteElo "2270"]
[BlackElo "2350"]

1.e4 e6 2.d4 d5 3.Nd2 a6 4.Ngf3 c5 5.exd5 exd5 6.Be2 Nc6 7.O-O c4 8.Re1 Be7
9.b3 b5 10.Nf1 Nf6 11.Ne5 Nxe5 12.dxe5 Ne4 13.Bf3 cxb3 14.axb3 Bb7 15.Bxe4 dxe4
16.Qg4 g6 17.Ng3 Qc8 18.Qe2 Bb4 19.Bd2 Bxd2 20.Qxd2 O-O 21.Nxe4 Bxe4 22.Rxe4 Rd8
23.Qe2 Qc3 24.Rd1 Rac8 25.e6 fxe6 26.Rxe6 Rxd1+ 27.Qxd1 Kg7 28.h4 Qxc2 29.Qd4+ Kg8
30.Re7 Qc3 31.Re8+ Rxe8 32.Qxc3 Re6 33.g4 h6 34.Qc7 h5 35.g5  1-0

[Event "Bundesliga 8586"]
[Site "Germany"]
[Date "1986.??.??"]
[Round "?"]
[White "Krieger, Hermann"]
[Black "Borngaesser, Rene"]
[Result "1/2-1/2"]
[WhiteElo "2210"]
[BlackElo "2360"]

1.e4 e6 2.d4 d5 3.Nd2 Nc6 4.Ngf3 Nf6 5.e5 Nd7 6.c3 f6 7.exf6 Qxf6 8.Bd3 e5
9.dxe5 Ndxe5 10.Be2 Bf5 11.Nxe5 Nxe5 12.Nf3 Be4 13.Nxe5 Qxe5 14.f3 Bg6 15.O-O Bc5+
16.Kh1 O-O-O 17.f4 Qf6 18.f5 Bf7 19.Bf4 Rhe8 20.Qd2 d4 21.cxd4 Rxd4 22.Qc2 Bd6
23.Bxd6 Qxd6 24.Bf3 Rd2 25.Qa4 Qd4 26.Qxd4 Rxd4 27.Kg1 Rd2 28.Rf2 Red8 29.Re1 Rxf2
30.Kxf2 Rd2+ 31.Kg3 Kd8 32.Bxb7 Rxb2 33.Rd1+ Ke7 34.Bc6 Kf6 35.a4 Rc2 36.Bb5 Rc5
37.Bd7 Rd5 38.Rxd5 Bxd5 39.Kf2 Ke5 40.g4 Kf4 41.h3 h6 42.Be6 Bc6 43.a5 Bb5
44.Bc8 h5 45.gxh5 Bd3 46.h6 gxh6 47.f6 Bc4 48.Ba6 Bf7 49.Bd3 Ke5 50.Ke3 c5
51.Bf1 Kxf6 52.Ke4 Kg5 53.a6 Kh4 54.Ke5 h5 55.Be2 Kg5 56.Bd1 h4 57.Be2 c4
58.Kd4 Be6 59.Bxc4 Bxh3 60.Ke5 Bc8 61.Bf1 Kg4 62.Kd6 Kg3 63.Kc7 Bg4 64.Kb8 Kf2
65.Bb5 h3 66.Bc6 h2 67.Kxa7  1/2-1/2

[Event "ISL-ch"]
[Site "Grundarfjordur"]
[Date "1986.??.??"]
[Round "4"]
[White "Olafsson, David"]
[Black "Bjarnason, Saevar"]
[Result "1/2-1/2"]
[WhiteElo "2325"]
[BlackElo "2395"]

1.e4 e6 2.d4 d5 3.Nd2 a6 4.Ngf3 c5 5.exd5 exd5 6.Bd3 c4 7.Be2 Nc6 8.O-O Nf6
9.c3 Bd6 10.Re1 O-O 11.Nf1 Qc7 12.Qc2 Bg4 13.h3 Bh5 14.Ne3 Bg6 15.Qd1 Rfe8
16.Nh4 Be4 17.Bf3 Re6 18.Ng4 Nxg4 19.Bxg4 Bc2 20.Qd2 Bh2+ 21.Kh1 Bf4 22.Re3 Bxe3
23.Qxc2 Rh6 24.Bxe3 Rxh4 25.g3 Rxg4 26.hxg4 Qd7 27.Qe2 Re8 28.Kg2 Re4 29.g5 Ne7
30.Qh5 Nf5 31.Bf4 Qc6 32.Rh1 Qg6 33.Qf3  1/2-1/2

[Event "Havana-A"]
[Site "Havana"]
[Date "1986.??.??"]
[Round "?"]
[White "Utasi, Tamas"]
[Black "Pecorelli Garcia, Humberto"]
[Result "1-0"]
[WhiteElo "2440"]
[BlackElo "2420"]

1.e4 e6 2.d4 d5 3.Nd2 Nc6 4.c3 e5 5.exd5 Qxd5 6.Ngf3 exd4 7.Bc4 Qf5 8.cxd4 Be6
9.O-O O-O-O 10.Bxe6+ fxe6 11.Nc4 Nf6 12.Be3 Nd5 13.a3 Bd6 14.b4 h6 15.Qb3 Rhf8
16.b5 Nce7 17.a4 Ng6 18.a5 Qh5 19.Nfe5 Bxe5 20.Nxe5 Nxe5 21.dxe5 Qxe5 22.Bxa7 Nf4
23.Be3 Qd5 24.Qxd5 exd5 25.a6 Ne2+ 26.Kh1 bxa6 27.Bc5 Rfe8 28.bxa6 d4 29.Rfb1 d3
30.a7 Kd7 31.Rd1 Kc6 32.Be3 Nc3 33.Rac1  1-0

[Event "Havana-A"]
[Site "Havana"]
[Date "1986.??.??"]
[Round "?"]
[White "Zapata, Alonso"]
[Black "Pecorelli Garcia, Humberto"]
[Result "1-0"]
[WhiteElo "2515"]
[BlackElo "2420"]

1.e4 e6 2.d4 d5 3.Nd2 Nc6 4.Ngf3 Nf6 5.e5 Nd7 6.Bb5 Be7 7.O-O O-O 8.Re1 a6
9.Bf1 f6 10.exf6 Bxf6 11.Rxe6 Nxd4 12.Nxd4 Bxd4 13.Nf3 Nc5 14.Re1 Bf6 15.Be3 Ne4
16.c3 Bg4 17.Be2 Kh8 18.Qc2 Qe8 19.Rad1 c6 20.Nd4 Bxe2 21.Rxe2 Qh5 22.f3 Nd6
23.Bf4 Bxd4+ 24.Rxd4 Nb5 25.Ra4 Rae8 26.Bg3 Rxe2 27.Qxe2 Re8 28.Qc2 Qg5 29.Rh4 h6
30.Rg4 Qe7 31.h3 Nd6 32.Qg6 Nc4 33.Bh4 Ne5 34.Qh5 Qe6 35.Rd4 Nc4 36.Bf2 Nxb2
37.Rg4 Nc4 38.Bd4 Ne5 39.Rg5 Nxf3+ 40.gxf3 Qe1+ 41.Kh2 Re2+ 42.Rg2 Rxg2+
43.Kxg2 Qe2+ 44.Kg3 Qe1+ 45.Kf4 Kg8 46.Kf5 b6 47.Be5 Qg1 48.Ke6  1-0

[Event "Havana-B"]
[Site "Havana"]
[Date "1986.??.??"]
[Round "?"]
[White "Garcia Martinez, Silvino"]
[Black "Spraggett, Kevin"]
[Result "1/2-1/2"]
[WhiteElo "2455"]
[BlackElo "2535"]

1.e4 e6 2.d4 d5 3.Nd2 a6 4.Ngf3 c5 5.exd5 exd5 6.dxc5 Bxc5 7.Nb3 Ba7 8.Be2 Nf6
9.O-O O-O 10.Nfd4 Re8 11.c3 Nc6 12.Be3 Ne5 13.Re1 Qd6 14.Bf4 Ne4 15.Bd3 g5
16.Bxe5 Rxe5 17.Qc2 Bd7 18.f3 Nf6 19.Rxe5 Qxe5 20.Qe2  1/2-1/2

[Event "UKR-ch"]
[Site "Kiev"]
[Date "1986.??.??"]
[Round "10"]
[White "Kruppa, Yuri"]
[Black "Gofshtein, Leonid D"]
[Result "1-0"]
[WhiteElo "2445"]
[BlackElo "2385"]

1.e4 e6 2.d4 d5 3.Nd2 a6 4.Ngf3 Bd7 5.c3 Bb5 6.exd5 Bxf1 7.Nxf1 Qxd5 8.Ne3 Qh5
9.d5 Nd7 10.dxe6 fxe6 11.Qb3 Nc5 12.Qc4 O-O-O 13.O-O Bd6 14.Qg4 Qxg4 15.Nxg4 Nf6
16.Nge5 Bxe5 17.Nxe5 Rd5 18.Re1 Rhd8 19.Bf4 b5 20.Kf1 Na4 21.Nc6 R8d7 22.Rab1 Rf5
23.Bg3 Rfd5 24.c4 bxc4 25.Ne5 R7d6 26.Nxc4 Rc6 27.b3 Nc3 28.Rb2 Nce4 29.Bf4 Rf5
30.Bc1 g5 31.Rbe2 Nc3 32.Rc2 Nb5 33.Bb2 Nd5 34.a3 Nd6 35.Rxe6 Nxc4 36.Rxc6 Nce3+
37.Kg1 Nxc2 38.Rxc2 Nf4 39.g3 Nd3 40.Bd4 Rd5 41.Be3 Ne1 42.Rc1 Nf3+ 43.Kg2 g4
44.h3 Ne5 45.hxg4 Nxg4 46.Bf4 Ne5 47.Rh1 Ng6 48.Rxh7 Nxf4+ 49.gxf4 Rd4 50.Kf3 Rd3+
51.Ke4 Rxb3 52.f5 Kd8 53.f6 Ke8 54.Kf5 Rb2 55.f4 Rc2 56.Re7+ Kf8 57.Rd7 Rc1
58.Re7 Rc4 59.Re4 Rc1 60.a4 Kf7 61.Re7+ Kf8 62.Re6  1-0

[Event "UKR-ch"]
[Site "Kiev"]
[Date "1986.??.??"]
[Round "12"]
[White "Kruppa, Yuri"]
[Black "Levin, Felix"]
[Result "1/2-1/2"]
[WhiteElo "2445"]
[BlackElo "2295"]

1.e4 e6 2.d4 d5 3.Nd2 a6 4.Ngf3 c5 5.exd5 exd5 6.Be2 c4 7.O-O Bd6 8.Re1 Ne7
9.b3 cxb3 10.axb3 O-O 11.Nf1 Nbc6 12.Ne3 f6 13.Bd3 Be6 14.c3 Qd7 15.Ra2 Nf5
16.Qc2 g6 17.Nxf5 Bxf5 18.Bxf5 Qxf5 19.Qxf5 gxf5 20.Rae2 Kf7 21.Nh4 Ne7 22.Bf4 Nc8
23.Bh6 Rd8 24.Nxf5 a5 25.g4 b5 26.c4 Bf8 27.Bf4 a4 28.Ra2 Rd7 29.bxa4 bxa4
30.Rb1 a3 31.h4 Ra6 32.Bh6 Bxh6 33.Nxh6+ Kg6 34.Nf5 Nb6 35.Ne3 h5 36.f3 Nxc4
37.Ng2 hxg4 38.fxg4 Raa7 39.Rb4 Rab7 40.Nf4+ Kh6 41.Nxd5 Rxb4 42.Nxb4 Rg7
43.Rg2 Ne3 44.Rg3 Nf5  1/2-1/2

[Event "Lugano op"]
[Site "Lugano"]
[Date "1986.??.??"]
[Round "?"]
[White "Huenerkopf, Heinz"]
[Black "Hug, Werner"]
[Result "0-1"]
[WhiteElo "2275"]
[BlackElo "2455"]

1.e4 e6 2.d4 d5 3.Nd2 Nc6 4.Ngf3 Nf6 5.e5 Nd7 6.Be2 f6 7.exf6 Qxf6 8.Nf1 Bd6
9.Ne3 O-O 10.O-O Qg6 11.g3 Nf6 12.Nh4 Qe8 13.f4 Bd7 14.Re1 Ne7 15.Ng4 c5
16.c3 cxd4 17.cxd4 Qd8 18.Ne5 Bxe5 19.fxe5 Ne4 20.Bf3 Qa5 21.Ng2 Rac8 22.a3 Ba4
23.Qd3 Nf5 24.b4 Qb6 25.Bb2 Bc2 26.Qe2 Nxd4 27.Bxd4 Qxd4+ 28.Qe3 Qxe5  0-1

[Event "SWE-ch"]
[Site "Malmo"]
[Date "1986.??.??"]
[Round "?"]
[White "Winsnes, Rikard"]
[Black "Renman, Nils Gustaf"]
[Result "1/2-1/2"]
[WhiteElo "2290"]
[BlackElo "2460"]

1.e4 e6 2.d4 d5 3.Nd2 a6 4.Ngf3 c5 5.exd5 exd5 6.dxc5 Bxc5 7.Nb3 Ba7 8.Bd3 Nf6
9.Qe2+ Qe7 10.Qxe7+ Kxe7 11.O-O Nc6 12.Re1+ Be6 13.c3 Rhe8 14.Bf4 h6 15.Nfd4 Nxd4
16.Nxd4 Kf8 17.Be5 Bd7 18.Bxf6 gxf6 19.Nf5 Re5 20.g4 h5 21.h3 hxg4 22.hxg4 Rae8
23.Kf1 a5 24.f3 Bxf5 25.Bxf5 Re3 26.Rxe3 Rxe3 27.Rd1 Rxf3+ 28.Ke1 Re3+ 29.Kd2 Ke7
30.Re1 Re5 31.Bc8 b5 32.Ba6 b4 33.Rf1 Re4 34.Re1 Kd6 35.Rxe4 dxe4 36.cxb4 axb4
37.a3 bxa3 38.bxa3 Ke5 39.Bc8 Kf4 40.Ke2 Bb6 41.Bf5  1/2-1/2

[Event "Marseille"]
[Site "Marseille"]
[Date "1986.??.??"]
[Round "?"]
[White "Sharif, Mershad"]
[Black "Miralles, Gilles"]
[Result "1-0"]
[WhiteElo "2440"]
[BlackElo "2410"]

1.e4 e6 2.d4 d5 3.Nd2 a6 4.Ngf3 c5 5.exd5 exd5 6.Be2 Nf6 7.O-O Bd6 8.dxc5 Bxc5
9.Nb3 Be7 10.Bg5 O-O 11.c3 Nc6 12.Qc2 h6 13.Bh4 g5 14.Bg3 Ne4 15.Rad1 Bf5
16.Nfd4 Bg6 17.Bd3 Qb6 18.Nxc6 bxc6 19.Be5 Rfe8 20.c4 Bf8 21.Bd4 c5 22.Be3 d4
23.Bc1 f5 24.f3 Re5 25.g4 Nf6 26.f4 gxf4 27.gxf5 Rae8 28.Qg2 R5e7 29.Bxf4  1-0

[Event "DDR-ch 35th"]
[Site "Nordhausen"]
[Date "1986.??.??"]
[Round "?"]
[White "Schurade, Matthias"]
[Black "Enders, Peter"]
[Result "1-0"]
[WhiteElo "2355"]
[BlackElo "2315"]

1.e4 e6 2.d4 d5 3.Nd2 Be7 4.Ngf3 Nf6 5.Bd3 O-O 6.O-O c5 7.e5 Nfd7 8.c3 b6
9.Re1 Ba6 10.Bb1 Nc6 11.Qa4 Qc8 12.a3 cxd4 13.cxd4 Na5 14.b4 b5 15.Qd1 Nc4
16.Nf1 Bb7 17.Ng3 a5 18.Bg5 Qd8 19.h4 axb4 20.Bxh7+ Kxh7 21.Bxe7 Qxe7 22.Ng5+ Qxg5
23.hxg5 bxa3 24.Qh5+ Kg8 25.f4 Ra6 26.Kf2 Rc8 27.Rh1 Kf8 28.f5 Ke8 29.Qh8+ Nf8
30.Qxg7  1-0

[Event "POL-ch"]
[Site "?"]
[Date "1986.??.??"]
[Round "7"]
[White "Kuczynski, Robert"]
[Black "Bany, Jerzy"]
[Result "1/2-1/2"]
[WhiteElo "2410"]
[BlackElo "2390"]

1.e4 e6 2.d4 d5 3.Nd2 a6 4.Ngf3 c5 5.dxc5 Bxc5 6.Bd3 Nf6 7.Qe2 Nc6 8.e5 Ng4
9.O-O f6 10.Nb3 Ba7 11.exf6 Qxf6 12.h3 Nge5 13.Nxe5 Nxe5 14.Be3 O-O 15.Bxa7 Rxa7
16.f4 Nxd3 17.cxd3 b6 18.Rac1 Bd7 19.Rf2 Bb5 20.Qe3 Raf7 21.Rcc2 Qh6 22.Nd4 Rxf4
23.Rxf4 Qxf4 24.Qxf4 Rxf4 25.Nxe6 Rf6 26.Rc8+ Kf7 27.Ng5+ Kg6 28.Nf3 Re6
29.d4 Re2 30.Rb8 Rxb2 31.Rxb6+ Kf5 32.a4 Rb1+ 33.Kf2 Bd3 34.a5 Bb5 35.Rb7 Kf6
36.Rb6+ Ke7 37.Rb7+ Kf6  1/2-1/2

[Event "POL-chT"]
[Site "Porabka"]
[Date "1986.??.??"]
[Round "?"]
[White "Stypka, Mieczyslaw"]
[Black "Sobura, Henryk"]
[Result "0-1"]
[WhiteElo "2275"]
[BlackElo "2370"]

1.e4 e6 2.d4 d5 3.Nd2 a6 4.Ngf3 c5 5.exd5 exd5 6.Be2 cxd4 7.O-O Nc6 8.Nb3 Nf6
9.Nbxd4 Be7 10.c3 O-O 11.Bd3 Bg4 12.Be3 Ne5 13.Bf4 Nxf3+ 14.Nxf3 Qb6 15.Rb1 Bc5
16.h3 Bh5 17.g4 Bg6 18.Ne1 Ne4 19.Qc2 Rfe8 20.Kg2 Re7 21.f3 Nd6 22.Bxg6 hxg6
23.Nd3 Rae8 24.Rbe1 Nc4 25.b3 Nd6 26.Rxe7 Rxe7 27.Re1 Rxe1 28.Nxe1 Nb5 29.Nd3 Be3
30.Bg3 Qc6 31.Be1 Bd4 32.Nb4 Qe6 33.Nd3 Bf6  0-1

[Event "POL-chT"]
[Site "Porabka"]
[Date "1986.??.??"]
[Round "?"]
[White "Bernard, Ryszard"]
[Black "Sobura, Henryk"]
[Result "0-1"]
[WhiteElo "2365"]
[BlackElo "2370"]

1.e4 e6 2.d4 d5 3.Nd2 a6 4.Ngf3 c5 5.exd5 exd5 6.Be2 cxd4 7.O-O Nc6 8.Nb3 Nf6
9.Nbxd4 Be7 10.c3 O-O 11.Bg5 h6 12.Bh4 g5 13.Bg3 Ne4 14.Bd3 f5 15.Nxc6 bxc6
16.Be5 Bc5 17.Bd4 Bd6 18.b4 Qc7 19.h3 Qe7 20.Nd2 g4 21.hxg4 fxg4 22.Nxe4 dxe4
23.Re1 Qh4 24.Qb3+ Kh7 25.Bxe4+ Bf5 26.Qc2 Qh2+ 27.Kf1 Qh1+ 28.Ke2 Qh5 29.Bxf5+ Rxf5
30.Kd2 Qg6 31.Qd3 Raf8 32.Re2 a5 33.Rae1 axb4 34.c4 c5 35.Re6 Qg5+ 36.Be3 Bf4
37.Kd1 Bxe3 38.R1xe3  0-1

[Event "Reggio Emilia8687"]
[Site "Reggio Emilia"]
[Date "1986.??.??"]
[Round "?"]
[White "Hort, Vlastimil"]
[Black "Chernin, Alexander"]
[Result "1/2-1/2"]
[WhiteElo "2545"]
[BlackElo "2565"]

1.e4 e6 2.d4 d5 3.Nd2 a6 4.Ngf3 c5 5.exd5 exd5 6.Be2 c4 7.Ne5 Bd6 8.O-O Ne7
9.b3 cxb3 10.axb3 Nbc6 11.Nxc6 Nxc6 12.Re1 O-O 13.c3 Bf5 14.Bf3 Ne7 15.Nf1 Rc8
16.Qd2 Qc7 17.Ba3 Bxa3 18.Rxa3 Be6 19.b4 Rfd8 20.Ng3 Rd6 21.Ne2 Rc6 22.Ra5 Qd7
23.Rc5 b6 24.Rxc6 Qxc6 25.Ra1 Ra8 26.Nf4 Ng6 27.Nd3 Bf5 28.Ne5 Nxe5 29.dxe5 Be6
30.Qd4 b5 31.Rd1 Rc8 32.Rd3 Qc4 33.Qxc4 Rxc4 34.Bxd5 Bxd5 35.Rxd5 Kf8 36.Rd3 Re4
37.Kf1 Rxe5 38.Rd6 Re6 39.Rxe6  1/2-1/2

[Event "Sarajevo"]
[Site "Sarajevo"]
[Date "1986.??.??"]
[Round "1"]
[White "Campora, Daniel H"]
[Black "Drasko, Milan"]
[Result "1/2-1/2"]
[WhiteElo "2530"]
[BlackElo "2460"]

1.e4 e6 2.d4 d5 3.Nd2 Nc6 4.Ngf3 Nf6 5.e5 Nd7 6.Nb3 a5 7.a4 b6 8.Bg5 Be7
9.Bxe7 Qxe7 10.c3 O-O 11.Bd3 f6 12.exf6 Qxf6 13.O-O e5 14.dxe5 Ncxe5 15.Be2 Bb7
16.Nbd4 Ng6  1/2-1/2

[Event "URS-ch sf"]
[Site "Sevastopol"]
[Date "1986.??.??"]
[Round "?"]
[White "Aseev, Konstantin N"]
[Black "Epishin, Vladimir"]
[Result "1/2-1/2"]
[WhiteElo "2440"]
[BlackElo "2350"]

1.e4 e6 2.d4 d5 3.Nd2 a6 4.Ngf3 c5 5.dxc5 Bxc5 6.Bd3 Ne7 7.O-O O-O 8.exd5 exd5
9.Nb3 Bd6 10.Bg5 Nbc6 11.Bh4 h6 12.Bg3 Bg4 13.c3 Re8 14.Re1 Qc7 15.Re3 f5
16.Bxd6 Qxd6 17.Be2 Ng6 18.Rxe8+ Rxe8 19.Nfd4 Nxd4 20.Nxd4 Bxe2 21.Nxe2 Qe5
22.Nd4 Qe4 23.Qd2 f4 24.Rd1 Nh4 25.f3 Qg6 26.Qf2 Qg5 27.Kh1  1/2-1/2

[Event "Sochi"]
[Site "Sochi"]
[Date "1986.??.??"]
[Round "11"]
[White "Yakovich, Yuri"]
[Black "Chernin, Alexander"]
[Result "1/2-1/2"]
[WhiteElo "2440"]
[BlackElo "2565"]

1.e4 e6 2.d4 d5 3.Nd2 a6 4.Ngf3 c5 5.exd5 exd5 6.dxc5 Bxc5 7.Nb3 Be7 8.Be2 Nf6
9.Nfd4 O-O 10.O-O Nc6 11.Bf4 Ne4 12.c3 Nxd4 13.Nxd4 Qb6 14.Qb3 Qf6 15.Be3 Rd8
16.Rad1 b5 17.Rfe1 Bb7 18.Nf3 Qc6 19.a3 Bf8 20.Qc2 Re8 21.Bd3 h6 22.Bd4 Qc7
23.Re2 Re6 24.a4 b4 25.cxb4 Qxc2 26.Rxc2 Bxb4 27.Rdc1 a5 28.Rc7 Ba6 29.Bxa6 Raxa6
30.Ne5 Nd2 31.Rd7 f6 32.Nf3 Nb3 33.Rc8+ Kh7 34.g3 Rad6 35.Rcc7 Rxd7 36.Rxd7 Rd6
37.Rxd6 Bxd6 38.Bc3 Bc7 39.Nd2 Nc5 40.b3 Kg6 41.Kf1 Kf5 42.Ke2 Bb6  1/2-1/2